000 00312nam a22001217a 4500
008 190316b xxu||||| |||| 00| 0 eng d
041 _aeng
080 _a043.3
100 _a0
101 _aMEK-BA
245 _aAnaliza dhe Kontrolla ne Sistemin e Prodhimit te Shisheve Polimere
_cJetullahu, A
942 _2udc
_cBK
999 _c54867
_d54867